I Informe estado de situación de la persona adulta mayor en Costa Rica /
Spremljeno u:
| Autor kompanije: | |
|---|---|
| Format: | Knjiga |
| Jezik: | Spanish |
| Izdano: |
San José, Costa Rica :
Universidad de Costa Rica. Vicerrectoría de Acción Social,
[2008?]
|
| Teme: | |
| Oznake: |
Dodaj oznaku
Bez oznaka, Budi prvi tko označuje ovaj zapis!
|
MARC
| LEADER | 00000nam a2200000Ia 4500 | ||
|---|---|---|---|
| 008 | 180912b2008 cr ||||| |||| 00| 0 spa d | ||
| 999 | |c 2368 |d 2368 | ||
| 090 | |a 19.02.08 |b 1634 CD #169 | ||
| 110 | |a Universidad de Costa Rica. Vicerrectora de Acción Social |9 4228 | ||
| 245 | 1 | 2 | |a I Informe estado de situación de la persona adulta mayor en Costa Rica / |c Universidad de Costa Rica. Vicerrectora de Acción Social |
| 246 | |a Construyamos un envejecimiento con bienestar | ||
| 260 | |a San José, Costa Rica : |b Universidad de Costa Rica. Vicerrectoría de Acción Social, |c [2008?] | ||
| 300 | |a v. |b Acompaña disco compacto | ||
| 500 | |a Incluye el CD #169 | ||
| 650 | 1 | 4 | |a INFORMES |9 267 |
| 650 | 1 | 4 | |a ANCIANOS |9 2660 |
| 650 | 1 | 4 | |a ENVEJECIMIENTO |9 2659 |
| 650 | 1 | 4 | |a DERECHO |9 823 |
| 650 | 1 | 4 | |a SALUD |9 268 |
| 650 | 1 | 4 | |a CONDICIONES DE VIDA |9 786 |
| 942 | |i 003390 ,003389 ,002947 |h 19.02.08 1634 CD #169 |2 z |c 01 | ||
| 942 | |i 003390 ,003389 ,002947 |h 19.02.08 1634 CD #169 |2 z | ||
| 942 | |i 003390 ,003389 ,002947 |h 19.02.08 1634 CD #169 |2 z | ||
